Cinema City grew last year
Saved in:
| Main Author: | |
|---|---|
| Format: | Book Chapter |
| Language: | English |
| Subjects: | |
| Tags: |
No Tags, Be the first to tag this record!
|
MARC
| LEADER | 00000nla a2200000 4500 | ||
|---|---|---|---|
| 001 | 0168925 | ||
| 005 | 20240502083412.4 | ||
| 041 | 0 | |a eng | |
| 044 | |a US | ||
| 245 | 1 | 0 | |a Cinema City grew last year |c Juraj Mišún |
| 610 | 2 | 0 | |a priemysel umelecký |
| 610 | 2 | 0 | |a spoločnosti |
| 610 | 2 | 0 | |a film |
| 610 | 2 | 0 | |a umenie |
| 610 | 2 | 0 | |a zákazníci |
| 610 | 2 | 0 | |a ceny |
| 610 | 2 | 0 | |a zisk |
| 100 | 1 | |a Mišún, Juraj, 1978- | |